|
|
|
|
| LEADER |
00000naa2a2200000 4500 |
| 001 |
384042 |
| 005 |
20231101063213.0 |
| 035 |
|
|
|a (RuTPU)RU\TPU\prd\10284
|
| 090 |
|
|
|a 384042
|
| 100 |
|
|
|a 20030131a2002 k y0rusy50 ca
|
| 101 |
0 |
|
|a rus
|
| 102 |
|
|
|a RU
|
| 200 |
1 |
|
|a Метод обнаружения аномалий с помощью тренажера реактора
|f Пер. М. С. Маяновский
|
| 225 |
1 |
|
|a Переводы
|
| 461 |
|
1 |
|0 (RuTPU)RU\TPU\prd\1300
|x 0320-9326
|t Атомная техника за рубежом
|o научно-технический журнал
|f Росатом; Государственная корпорация по атомной энергии; Ядерное общество России (ЯОР)
|d 1957-
|
| 463 |
|
1 |
|0 (RuTPU)RU\TPU\prd\7852
|t № 9
|v С. 27-30
|d 2002
|
| 610 |
1 |
|
|a атомные электрические станции
|
| 610 |
1 |
|
|a обнаружение аномалий
|
| 610 |
1 |
|
|a тренажер
|
| 610 |
1 |
|
|a нейронная сеть
|
| 610 |
1 |
|
|a верификация модели АЭС
|
| 610 |
1 |
|
|a автоассоциативная сеть
|
| 675 |
|
|
|a 621.039.56
|v 3
|
| 702 |
|
1 |
|a Маяновский
|b М. С.
|4 730
|
| 801 |
|
1 |
|a RU
|b 63413507
|c 20030131
|g PSBO
|
| 801 |
|
2 |
|a RU
|b 63413507
|c 20120419
|g RCR
|
| 942 |
|
|
|c BK
|